000 00553nam a2200217 a 4500
001 BRCA_7464
005 20190320205839.0
008 120413s1904----gw-a######---#000-0#ger-#
041 _ager
044 _agw
050 4 _aQH46
_b.H34 1904
100 1 _aHaeckel, Ernst
_918376
245 1 0 _aKunstformen der natur
_cErnst Haeckel.
260 _aLeipzig
_bBibliographischen Instituts
_c1904
300 _a100 láminas
500 _aQ221
650 1 4 _aHistoria natural
_910072
650 1 4 _aNatulareza muerta
_918377
902 _aGFM
942 _2lcc
_cB
999 _c7140
_d7140